|
|
|
|
| LEADER |
00995cam a2200253 7i4500 |
| 001 |
0000076434 |
| 005 |
20230320090000.0 |
| 020 |
|
|
|a 9781003275923 (electronic book)
|
| 090 |
0 |
0 |
|a Q325.73
|b .K49 2023
|
| 100 |
1 |
|
|a Keydana, Sigrid
|
| 245 |
1 |
0 |
|a Deep learning and scientific computing with R torch
|c Sigrid Keydana.
|
| 264 |
|
|
|a Boca Raton, FL:
|b CRC Press,
|c 2023.
|
| 300 |
|
|
|a 1 online resource (393 pages):
|b illustrations, text file, PDF.
|
| 336 |
|
|
|a text
|2 rdacontent
|
| 337 |
|
|
|a computer
|2 rdamedia
|
| 338 |
|
|
|a online resource
|2 rdacarrier
|
| 650 |
|
0 |
|a Deep learning (Machine learning)
|
| 650 |
|
0 |
|a Python (Computer program language)
|
| 650 |
|
0 |
|a R (Computer program language)
|
| 650 |
|
0 |
|a Science --
|x Mathematics --
|x Data processing
|
| 856 |
4 |
2 |
|u http://library.unisel.edu.my/web/guest/mylibrary
|
| 997 |
|
|
|a Communication, Visual Art & Computing, Faculty
|b Computing, Department
|
| 998 |
|
|
|a Computer Science, Degree
|
| 999 |
|
|
|a EBO0019410
|b EBOOK
|c EBOOK
|e Electronic resources
|